Largest Countries in Order Quiz Stats

 Plays Quiz Updated Jan 25, 2013

Challenge
Share
Tweet
Embed
Score 0/25 Timer 05:00
3 Plays Today
Area (km2) Country % Correct
????
100%
????
96.7%
????
95.1%
????
93.5%
????
88.7%
????
82%
????
75.4%
????
65.8%
????
53.3%
????
44.1%
????
36.7%
????
27.3%
????
23.9%
Area (km2) Country % Correct
????
22.2%
????
19.5%
????
16.7%
????
14.8%
????
13.3%
????
12.1%
????
10.5%
????
9.2%
????
8.2%
????
6.9%
????
6.1%
????
5.5%

You're not logged in!

Compare scores with friends on all Sporcle quizzes.
Join for Free
OR
Log In

You Might Also Like...

Show Comments

Extras

Top Quizzes Today


Score Distribution

Your Account Isn't Verified!

In order to create a playlist on Sporcle, you need to verify the email address you used during registration. Go to your Sporcle Settings to finish the process.

Report this User

Report this user for behavior that violates our Community Guidelines.

Details: